=LDR 00000nam 2200000 4500 =001 INLIS000000000022429 =005 20130612121204 =008 ***********************************Ind** =035 ##$$0010-061300000022429 =041 ##$$a Ind =082 ##$$a 372.2 =090 ##$$a 372.2, Sal l =100 ##$$a Salsabilla cindy =245 ##$$a lancar membaca jilid 4, Cindy Salsabilla =260 ##$$a 2004 $b Surabaya =300 ##$$a 32, ilus, 21 cm =650 ##$$a membaca =850 ##$$a NBPNMAT